Sur quel continent vivent ces peuples ? 1 - Statistiques

Statistiques générales
  • Ce quiz a été pris 60 fois
  • Le résultat moyen est 11 sur 25
Statistiques - réponses
Hint Explanation Réponse % Correct
Cherokees Etats-Unis Amérique
88%
Mayas Mexique, Belize Amérique
80%
Swahilis Kenya, Tanzanie, Mozambique Afrique
79%
Maohis Tahiti, Polynésie Océanie
70%
Kanakas Maolis Hawaï Océanie
66%
Tongiens Tonga Océanie
59%
Jingpos Chine Asie
55%
Chaouis Est de l'Algérie Afrique
52%
Arméniens Arménie Asie
52%
Kanaks Nouvelle-Calédonie Océanie
52%
Abénaquis Canada Amérique
48%
Druzes Liban Asie
48%
Sami Scandinavie Europe
46%
Kakashs Pakistan Asie
45%
Diolas Sénégal, Gambie Afrique
39%
Ghomaras Maroc Afrique
38%
Ciboneys Antilles Amérique
36%
Derungs Chine Asie
34%
Toubalars Russie Asie
27%
Lenapes Etats-Unis Amérique
25%
Hanis Chine Asie
21%
Mursis Ethiopie Afrique
20%
Yiakus Kenya Afrique
16%
Assanes Russie Asie
16%
Pipils Salvador Amérique
11%
Aucun quiz correspondant
Distribution des résultats
% des personnes avec chaque résultat
Percentile par nombre de réponses
Votre historique - résultats
Vous n’avez pas pris ce quiz